[Event "Krakow op-B 28th"]
[Site "Krakow"]
[Date "2017.12.28"]
[Round "2"]
[White "Mielczarek, Daniel"]
[Black "Barchuk, Irina"]
[Result "0-1"]
[WhiteElo "1900"]
[BlackElo "2014"]
[PlyCount "248"]
[EventDate "2017.12.27"]
[EventType "swiss"]
[EventRounds "9"]
[EventCountry "POL"]
[SourceTitle "CBM 182 Extra"]
[Source "ChessBase"]
[SourceDate "2018.02.23"]
[SourceVersion "1"]
[SourceVersionDate "2018.02.23"]
[SourceQuality "1"]

1. d4 Nf6 2. Nf3 g6 3. Bg5 Bg7 4. e3 c5 5. c3 b6 6. Bxf6 Bxf6 7. dxc5 bxc5 8. Qd5 Qb6 9. Qb3 Nc6 10. Nbd2 0-0 11. Bd3 d5 12. 0-0 Rb8 13. Qxb6 Rxb6 14. Rab1 Be6 15. Rfc1 c4 16. Bc2 Rfb8 17. Ba4 Bf5 18. Ra1 e5 19. b4 Rd8 20. a3 g5 21. h3 h5 22. Rd1 g4 23. hxg4 hxg4 24. Nh2 Be6 25. Rac1 Bg5 26. Nhf1 Ne7 27. Nxc4 dxc4 28. Rxd8+ Kg7 29. Rdd1 Ra6 30. Bb5 Rxa3 31. Nd2 g3 32. Bxc4 Bg4 33. Nf3 Bh6 34. Rd2 gxf2+ 35. Kxf2 Nf5 36. Nxe5 Nxe3 37. Rd4 Nxc4 38. Rxg4+ Kf6 39. Rh1 Be3+ 40. Ke2 Ra2+ 41. Kd1 Nxe5 42. Rf1+ Ke6 43. Re4 Bg5 44. Rxf7 Rd2+ 45. Ke1 Kxf7 46. Rxe5 Rxg2 47. Kf1 Rg4 48. Kf2 Bd8 49. Rb5 Ke6 50. Ke3 Rg3+ 51. Kd2 Kd6 52. Rh5 Bg5+ 53. Kc2 Kd5 54. Kb3 Ke4 55. Rh7 Be3 56. Rd7 Bb6 57. Kc4 Ke5 58. Rd5+ Ke6 59. Rh5 Kd6 60. Rh6+ Kc7 61. Rh7+ Kc6 62. Rh6+ Kb7 63. Rh7+ Bc7 64. Kb3 Kc6 65. Rh5 Bd6 66. Ra5 Kb6 67. Rf5 Re3 68. Rd5 Kc6 69. Ra5 Kb7 70. Rb5+ Kc6 71. Ra5 Bb8 72. Rc5+ Kb6 73. Ra5 Be5 74. Rc5 Bg3 75. Rc4 Be5 76. Rc5 a5 77. Rxa5 Rxc3+ 78. Ka4 Bd6 79. Rd5 Kc6 80. Rd4 Rc1 81. Rh4 Rb1 82. Rc4+ Kd5 83. Kb5 Rb2 84. Rh4 Rc2 85. Ka5 Be5 86. Kb5 Rc1 87. Ka4 Bd4 88. Kb3 Rc3+ 89. Ka4 Rc7 90. Kb3 Rc1 91. Rh7 Rb1+ 92. Ka4 Be5 93. Kb5 Ra1 94. Rd7+ Bd6 95. Rh7 Ra8 96. Rh5+ Kd4 97. Rh4+ Kc3 98. Rh3+ Kb2 99. Rh4 Bg3 100. Rg4 Be1 101. Kc6 Ra4 102. Kb5 Kb3 103. Re4 Bc3 104. Rh4 Ra8 105. Kc5 Rc8+ 106. Kd5 Bxb4 107. Rh3+ Bc3 108. Rh7 Rd8+ 109. Ke4 Rd4+ 110. Ke3 Rd5 111. Rb7+ Kc2 112. Rc7 Re5+ 113. Kf4 Re8 114. Kf5 Kd3 115. Ra7 Rf8+ 116. Ke6 Ke4 117. Ra2 Rf6+ 118. Ke7 Rh6 119. Rg2 Kd5 120. Rg5+ Be5 121. Rg1 Rh7+ 122. Ke8 Ke6 123. Kf8 Ra7 124. Kg8 Ra8+ 0-1

[Event "Krakow op-B 25th"]
[Site "Krakow"]
[Date "2014.12.27"]
[Round "1"]
[White "Muhtarov, Leonid"]
[Black "Mielczarek, Daniel"]
[Result "1-0"]
[WhiteElo "2086"]
[BlackElo "1954"]
[PlyCount "91"]
[EventDate "2014.12.27"]
[EventType "swiss"]
[EventRounds "9"]
[EventCountry "POL"]
[SourceTitle "CBM 164 Extra"]
[Source "ChessBase"]
[SourceDate "2015.03.02"]
[SourceVersion "1"]
[SourceVersionDate "2015.03.02"]
[SourceQuality "1"]

1. Nf3 d5 2. g3 Nf6 3. Bg2 Bg4 4. 0-0 e6 5. d3 Be7 6. Nbd2 0-0 7. b3 Nbd7 8. Bb2 Rc8 9. h3 Bxf3 10. Nxf3 Ne8 11. e4 c5 12. c4 f5 13. Qe2 fxe4 14. dxe4 d4 15. e5 Qc7 16. h4 g6 17. Rae1 Ng7 18. Bc1 Nf5 19. Bg5 Rce8 20. g4 Ng7 21. Bh6 Rf7 22. Ng5 Bxg5 23. Bxg5 a6 24. f4 Ref8 25. Be4 Rb8 26. Qd3 Nf8 27. Kg2 b5 28. Rc1 bxc4 29. Rxc4 Qa5 30. Ra4 Qb5 31. Rxa6 Qb4 32. Ra4 Qb6 33. Rc1 Ra7 34. Rcc4 Rc7 35. Qc2 Qb5 36. Rab4 Qxb4 37. Rxb4 Rxb4 38. Bd3 Nd7 39. h5 Nb6 40. Bd8 Nd5 41. Kg3 Rf7 42. hxg6 hxg6 43. Bxg6 Rxf4 44. Qh2 Rxg4+ 45. Kxg4 d3+ 46. Kg5 1-0